000 01402cam a2200421 a 4500
001 223167
003 DCL
005 20241220160819.0
008 130808s2013 meu d 000 1 eng
010 _a 2013030055
020 _a9781410463647 (softcover)
020 _a1410463648 (softcover)
035 _a(IMchF)fol14922094
040 _aDLC
_beng
_cDLC
_erda
042 _apcc
050 1 0 _aPS3560.O415
_bL86 2013
082 0 0 _a813/.54
_223
092 _aJOHNSTONE
100 1 _aJohnstone, William W.
_928423
245 1 0 _aDead shot
_h[large print] /
_cWilliam W. Johnstone with J. A. Johnstone.
246 _bLuke Jensen, bounty hunter
246 _bLuke Jensen
246 _bLuke Jensen, bounty hunter book two
246 _bLuke Jensen, bounty hunter book 2
250 _aLarge Print ed.
260 _aWaterville, Me.. :
_bWheeler Pub., A part of Gale, Cengage Learning,
_c2013.
264 _aWaterville, Me.. :
_bWheeler Pub., A part of Gale, Cengage Learning,
_c2013.
300 _a361 p. ;
_c22 cm.
336 _atext
337 _aunmediated
338 _avolume
440 _aLuke Jensen, bounty hunter
_vbook 2
_96409717
650 0 _aBounty hunters
_vFiction.
_95673791
650 0 _aLarge type books.
_986775
655 7 _aWestern stories.
_2gsafd
_9102778
700 1 _aJohnstone, J. A.
_955652
942 _cBOOK
_2ddc
999 _c189331
_d189331